Best Players to Ever Wear a Nets Jersey - Statistics

General Stats
  • This quiz has been taken 4 times
  • The average score is 7 of 20
Answer Stats
Hint Answer % Correct
3. James Harden
100%
5. Julius Erving
100%
1. Kevin Durant
100%
9. Kyrie Irving
100%
2. Kevin Garnett
75%
4. Jason Kidd
50%
6. Paul Pierce
50%
20. DeAndre Jordan
25%
15. Joe Johnson
25%
11. LaMarcus Aldridge
25%
8. Rick Barry
25%
19. Stephon Marbury
25%
10. Vince Carter
25%
13. Bernard King
0%
16. Buck Williams
0%
7. Dikimbe Mutombo
0%
17. Maurice Cheeks
0%
14. Maurice Lucas
0%
18. Paul Millsap
0%
12. Tiny Archibald
0%
No matching quizzes found
Score Distribution
Percent of People with Each Score
Percentile by Number Answered
Your Score History
You have not taken this quiz